ห้องสมุด วิทยาลัยพยาบาลบรมราชชนนี อุดรธานี
Boromarajonani College of Nursing, Udonthani
เปลี่ยนเป็นภาษาไทย

Change to English
 แสดงรายละเอียดบรรณานุกรม
  กลับหน้าหลัก

Brief Record : Get Marc (ISO 2709) : E-mail record : QR code ปิดหน้าต่าง
หนังสืออ้างอิง : เกี่ยวกับ Collections
mysqli: Table './ulib2015/stat_globaluid' is marked as crashed and last (automatic?) repair failed
select id from stat_globaluid where statuid='20260418163430_1325' 
mysqli: Table './ulib2015/stat_globaluid' is marked as crashed and last (automatic?) repair failed
DELETE FROM stat_globaluid
			WHERE id NOT IN (
			  SELECT id
			  FROM (
				SELECT id
				FROM stat_globaluid
				ORDER BY id DESC
				LIMIT 100
			  ) foo
			); 
mysqli: Table './ulib2015/stat_globaluid' is marked as crashed and last (automatic?) repair failed
insert into stat_globaluid set
		statuid='20260418163430_1325',
		dt='1776504870',
		phpself='/ULIB/dublinfull.php',
		agent='Mozilla/5.0 AppleWebKit/537.36 (KHTML, like Gecko; compatible; ClaudeBot/1.0; +claudebot@anthropic.com)',
		yea='2026',
		mon='4',
		dat='18',
		ip='216.73.216.142'
		
		
LEADER 00566nam 2200193 a 4500
001    13399120794
003     ULIBM
008    250414s2541 th m a000 0 tha d
050  4 ^a PL ^bป381ก 2541.
245 ^a ^a1111
250    ^a พิมพ์ครั้งที่ 1.
300    ^a 266 หน้า
505 0  --บทที่ 1 ลักษณะของหนังสือติดต่อราชการ--บทที่ 2 การเขียนข้อความในหนังสือติดต่อราชการ--บทที่ 3 การเขียนหนังสือติดต่อราชการให้ดี--บทที่ 4 การตรวจแก้ร่างหนังสือติดต่อราชการ--บทที่ 5 การเขียนหนังสือติดต่อธุรกิจ
650  7 ^aหนังสือราชการ^xแนวทางการเขียน.
650  7 ^aหนังสือราชการ.
650  0 ^aหนังสือติดต่อธุรกิจ^xแนวทางการเขียน.
710 2  ^a ประวีณ ณ นคร.
945    ^p100^l0^i39889
999    ^aพรปวีณ์
รายการนี้ยังไม่มีแท็ก
คุณยังไม่ได้ล็อกอิน คุณสามารถมีกิจกรรมร่วมกับเว็บไซต์ได้ แต่ต้องล็อกอินก่อน ::
  ล็อกอิน
ลำดับที่ ประเภท เลขเรียก/บาร์โค้ด สถานที่ สถานะ
1. หนังสือภาษาไทย
หนังสือภาษาไทย
PL ป381ก 2541.  
  Barcode: 39889
หนังสือทั่วไป On Shelf
   [แสดง 1/1 รายการ]

mysqli: Can't create/write to file '/var/tmp/#sql_59d_0.MAI' (Errcode: 2)
select * from index_db where titl like '%บทเรียนด้วยตนเอง การเขียนหนังสือติดต่อราชการและธุรกิจ/ ประวีณ ณ นคร.%' and mid<>'13399120794'  order by rand() limit 3
mysqli: Can't create/write to file '/var/tmp/#sql_59d_0.MAI' (Errcode: 2)
select * from index_db where subj like '%หนังสือราชการ แนวทางการเขียน.%' and mid<>'13399120794'  order by rand() limit 3
mysqli: Can't create/write to file '/var/tmp/#sql_59d_0.MAI' (Errcode: 2)
select * from index_db where subj like '%หนังสือราชการ.%' and mid<>'13399120794'  order by rand() limit 3
mysqli: Can't create/write to file '/var/tmp/#sql_59d_0.MAI' (Errcode: 2)
select * from index_db where subj like '%หนังสือติดต่อธุรกิจ แนวทางการเขียน.%' and mid<>'13399120794'  order by rand() limit 3

BibComment


ยังไม่เคยถูกคอมเมนท์

คอมเมนท์ทรัพยากรรายการนี้
  คอมเมนท์: บทเรียนด้วยตนเอง..
Bib 13399120794

 
 
 

 Union Library Management : ULibM
Copyright 2026. All Rights Reserved.